000 00420nab a2200145Ia 4500
003 ES-SlBCS
005 20210601130448.0
008 140529s1960 xxu||||| |||| 00| 0 fre d
041 _afre
100 1 _aRostenne, Paul
_9173288
245 0 0 _aLimites et fondement su savoir
_c Paul Rostenne
650 0 4 _aSaber
_9122483
773 0 _tGiornali di Metafisica
_gvol. 15, nº. 3, 1960, págs. 237-268
_w0017-0372
942 _cAR
999 _c547095
_d547095